[Event "GER-chT U16"]
[Site "Walldorf"]
[Date "2017.12.27"]
[Round "2.2"]
[White "Rose, Noah"]
[Black "Ivanov, Iliyan2222"]
[Result "1-0"]
[WhiteElo "1589"]
[BlackElo "1791"]
[PlyCount "79"]
[EventDate "2017.12.26"]
[EventType "team-swiss"]
[EventRounds "7"]
[EventCountry "GER"]
[SourceTitle "CBM 182 Extra"]
[Source "ChessBase"]
[SourceDate "2018.02.23"]
[SourceVersion "1"]
[SourceVersionDate "2018.02.23"]
[SourceQuality "1"]
[WhiteTeam "Leipzig Gruen Weiss"]
[BlackTeam "Walldorf"]
[WhiteTeamCountry "GER"]
[BlackTeamCountry "GER"]

1. e4 e5 2. Nf3 Nc6 3. Bc4 Bc5 4. c3 Nf6 5. d4 exd4 6. cxd4 Bb4+ 7. Nc3 Nxe4 8. 0-0 Bxc3 9. d5 Ne5 10. bxc3 Nxc4 11. Qd4 0-0 12. Qxe4 Nd6 13. Qd3 b6 14. Ng5 f5 15. Nf3 Ne4 16. Bb2 d6 17. c4 Bd7 18. Nd2 Nxd2 19. Qxd2 f4 20. f3 Qg5 21. Rfe1 Rf5 22. Re4 Raf8 23. Rae1 Qh6 24. Re7 R8f7 25. Rxf7 Kxf7 26. Re4 g5 27. Qe1 Qf8 28. Qc3 Kg6 29. Qe1 Rf7 30. a3 Qd8 31. Kf2 h6 32. Kg1 Kh7 33. Kf2 c6 34. dxc6 Bxc6 35. Re6 Rg7 36. Qb1+ Kg8 37. Rg6 Rxg6 38. Qxg6+ Kf8 39. Qg7+ Ke8 40. Bf6 1-0

[Event "GER-chT U12"]
[Site "Magdeburg"]
[Date "2016.12.29"]
[Round "5.4"]
[White "Rose, Noah"]
[Black "Van Lindt, Raffael"]
[Result "1-0"]
[WhiteElo "1359"]
[BlackElo "1049"]
[PlyCount "71"]
[EventDate "2016.12.27"]
[EventType "team-swiss"]
[EventRounds "7"]
[EventCountry "GER"]
[SourceTitle "EXT 2018"]
[Source "ChessBase"]
[SourceDate "2017.10.13"]
[SourceVersion "1"]
[SourceVersionDate "2017.10.13"]
[SourceQuality "1"]
[WhiteTeam "Leipzig Gruen Weiss"]
[BlackTeam "Muenster"]
[WhiteTeamCountry "GER"]
[BlackTeamCountry "GER"]

1. e4 e5 2. Nf3 Nc6 3. Bc4 Bc5 4. c3 Nf6 5. d4 exd4 6. cxd4 Bb4+ 7. Nc3 Nxe4 8. 0-0 Bxc3 9. d5 Bf6 10. Re1 Ne7 11. Rxe4 d6 12. g4 0-0 13. g5 Be5 14. Nxe5 dxe5 15. Rxe5 Ng6 16. Re1 b6 17. Bb3 Bb7 18. Be3 Qd7 19. Qd4 Rad8 20. Rad1 c6 21. f3 cxd5 22. Rf1 Rfe8 23. Rde1 Qf5 24. Rd1 Ne5 25. Qf4 Qxf4 26. Bxf4 Ng6 27. Bg3 Ne5 28. Bxe5 Rxe5 29. f4 Re4 30. Rfe1 Rxe1+ 31. Rxe1 d4 32. Re7 d3 33. Rxb7 d2 34. Kf2 h6 35. Ke2 hxg5 36. fxg5 1-0

[Event "GER-chT U12"]
[Site "Magdeburg"]
[Date "2016.12.28"]
[Round "3.4"]
[White "Rose, Noah"]
[Black "Fuhrmann, Philipp"]
[Result "0-1"]
[WhiteElo "1359"]
[BlackElo "1466"]
[PlyCount "134"]
[EventDate "2016.12.27"]
[EventType "team-swiss"]
[EventRounds "7"]
[EventCountry "GER"]
[SourceTitle "EXT 2018"]
[Source "ChessBase"]
[SourceDate "2017.10.13"]
[SourceVersion "1"]
[SourceVersionDate "2017.10.13"]
[SourceQuality "1"]
[WhiteTeam "Leipzig Gruen Weiss"]
[BlackTeam "Hamburger SK"]
[WhiteTeamCountry "GER"]
[BlackTeamCountry "GER"]

1. e4 e5 2. Nf3 Nc6 3. Bc4 Bc5 4. c3 Nf6 5. d4 exd4 6. cxd4 Bb4+ 7. Nc3 Nxe4 8. 0-0 Bxc3 9. d5 Bf6 10. Re1 Ne7 11. Rxe4 d6 12. g4 h6 13. g5 hxg5 14. Bxg5 Bxg5 15. Nxg5 f6 16. Bb5+ Kf8 17. Ne6+ Bxe6 18. dxe6 c6 19. Bd3 Qc7 20. Re3 d5 21. Rg3 Qf4 22. Qe2 Qh4 23. f3 Qd4+ 24. Kh1 Rc8 25. Rd1 Qh4 26. Rg4 Qh6 27. Rdg1 g5 28. Rb4 b6 29. Rb3 Rc7 30. Qf2 Qh4 31. Qxh4 Rxh4 32. Rg4 Rh8 33. f4 Rg8 34. f5 Kg7 35. Bc2 Rd8 36. Kg2 b5 37. h4 a5 38. hxg5 fxg5 39. Rxg5+ Kf6 40. Rbg3 Re8 41. Kf3 Ke5 42. R3g4 Rcc8 43. Rh4 Rh8 44. Rgh5 Rxh5 45. Rxh5 Rf8 46. Kg4 c5 47. Rg5 c4 48. Rg7 Kf6 49. Rg5 d4 50. Bd1 b4 51. Kf4 Nd5+ 52. Kg4 Ne3+ 53. Kf4 Nxd1 54. Rg6+ Ke7 55. Ke5 c3 56. f6+ Rxf6 57. Rxf6 cxb2 58. Rf7+ Ke8 59. Kf6 b1Q 60. e7 Qe4 61. Rf8+ Kd7 62. Rd8+ Kc7 63. e8Q Qh4+ 64. Kf5 Ne3+ 65. Kg6 Qxd8 66. Qe5+ Qd6+ 67. Qxd6+ Kxd6 0-1